000 00308nam a2200133Ia 4500
008 231129s1970||||xx |||||||||||||| ||spa||
040 _bspa
082 _a923.14 H121
100 _aHackett Francis
245 0 _aEnrique VIII y sus seis mujeres
260 _c1970
264 _aJuventud
942 _2ddc
_cBKS
999 _c13095
_d13095